| 000 | 00547nam a2200181Ia 4500 | ||
|---|---|---|---|
| 001 | 20196 | ||
| 008 | 140304s1887 ii a g b000 u 465 u | ||
| 082 | _a330 | ||
| 100 | _aWaters, Cyril A. . | ||
| 245 | 0 |
_^" _aAn Explanatory digest of professor Fawcetts "" Manual of Political Economy"" / _cCyril A. Waters. _hTextual Documents" |
|
| 250 | _a1st ed. / | ||
| 260 |
_aNew York : _bMacmillan and co , _c1887. |
||
| 300 |
_a77p. : _bill ; _c18cm . |
||
| 653 | _aEconomics | ||
| 653 | _aG-Economics | ||
| 653 | _aPolitical Economy | ||
| 942 |
_2ddc _cBK |
||
| 999 |
_c20178 _d20178 |
||